| 000 | 00980nam a22002897a 4500 | ||
|---|---|---|---|
| 003 | CHAP | ||
| 005 | 20220329141116.0 | ||
| 008 | 971014s1977 r 00010 d | ||
| 010 | _a62700 | ||
| 011 | _a63672 | ||
| 035 | _a67849 | ||
| 040 | _cCHAP | ||
| 090 | _aTesis | ||
| 100 | 0 | 0 |
_aVillalvazo Naranjo, Juan. _9119471 |
| 245 | _aCaracterización y clasificación de las ligninas de algunas especies correspondientes a 7 familias de plantas primitivas de las angiospermas | ||
| 260 |
_aGuadalajara, Jal. : _bEl autor, _c1977 |
||
| 300 |
_a70 h. _b; gráfs. |
||
| 502 | _aTesis (M. C. en Madera, Celulosa y Papel) -- Universidad de Guadalajara. Escuela de Graduados | ||
| 590 |
_aALEPH _b10 _c20130110 _lUCH01 _h1346 |
||
| 590 |
_aBATCH-UPD _b10 _c20130110 _lUCH01 _h1613 |
||
| 590 |
_aCONVERSION _b10 _c20130109 _lUCH01 _h1334 |
||
| 650 | 1 | 4 |
_aAngiospermas. _95797 |
| 650 | 1 | 4 |
_aLignina. _966757 |
| 901 | _aBK | ||
| 942 | _cTESIS | ||
| 949 |
_bBC _cTES _d-154021 _eTS1 _i67849 _si |
||
| 999 |
_c62700 _d62700 |
||